Top 30Franquicias de videojuegos más vendidas - Estadísticas

Estadísticas generales
  • Esta prueba ha sido intentada 113 veces
  • La puntuación promedio es 9 de 30
Estadísticas de respuestas
Top Franquicia Nº de Ventas % Correcto
1 Mario 879 Millones
85%
5 GTA 400 Millones
83%
4 Call of Duty 410 Millones
72%
6 Minecraft 350 Millones
72%
7 FIFA 300 Millones
69%
2 Pokemon 440 Millones
57%
15 Sonic 114 Millones
51%
27 Battlefield 66 Millones
47%
3 Tetris 425 Millones
42%
18 Pro Evolution Soccer 100 Millones
36%
10 Resident Evil 150 Millones
32%
12 Assassin's Creed 140 Millones
28%
21 Gran Turismo 90 Millones
24%
13 Final Fantasy 140 Millones
23%
11 Need for Speed 150 Millones
20%
16 Lego 100 Millones
18%
26 Donkey Kong 67 Millones
17%
8 Sims 200 Millones
16%
14 Wii Sports 115 Millones
16%
30 Crash Bandicoot 56 Millones
14%
17 NFL 100 Millones
13%
9 Legend of Zelda 158 Millones
9%
22 The Elder Scrolls 89 Millones
7%
19 Tomb Raider 100 Millones
7%
20 WWE 95 Millones
7%
29 Just Dance 59 Millones
6%
25 Dragon Quest 74 Millones
5%
24 Super Smash Bross 75 Millones
3%
23 Tom Clancy's 82 Millones
3%
28 The Oregon Trail 65 Millones
0%
No se encontraron pruebas coincidentes
Distribución de puntuación
Porcentaje de gente con cada puntuación
Porcentaje por número respondido
Historial de tus puntuaciones
No has intentado esta prueba.